000 00315nam a22001337a 4500
008 171004b xxu||||| |||| 00| 0 eng d
020 _a9781884585456
041 _aeng
080 _23RD
_a159.9
100 _a48
101 _aPSI
245 _aEDUCATIONAL AND PSYCHOLOGICAL RESEARCH
_cPATTEN,M.L
942 _2udc
_cBK
999 _c31670
_d31670